[Event "Rentree - Hull U1500"]
[Site "Gatineau CAN"]
[Date "2018.10.09"]
[Round "5"]
[White "Sabourin, Yves"]
[Black "Labrie, Dany"]
[Result "0-1"]
[WhiteElo "1498"]
[BlackElo "1374"]
[PlyCount "68"]
[EventDate "2018.09.11"]
[EventType "swiss"]
[EventRounds "5"]
[EventCountry "CAN"]

1. e4 d5 2. exd5 Qxd5 3. Nc3 Qd6 4. d4 Nf6 5. Bd3 g6 6. Ne4 Nxe4 7. Bxe4 Bg7 8.
Ne2 O-O 9. O-O Nc6 10. Be3 Bd7 11. c3 e5 12. d5 Ne7 13. c4 b6 14. Nc3 Qb4 15.
Qb3 a5 16. Rfd1 Nf5 17. Bxf5 Bxf5 18. Qxb4 axb4 19. Nb5 b3 20. Nxc7 Rxa2 21.
Bxb6 Bc2 22. Rxa2 bxa2 23. Ra1 Bb3 24. Bc5 Rd8 25. Rc1 e4 26. Ba3 Bh6 27. Ra1
Bxc4 28. g3 Bd2 29. d6 e3 30. fxe3 Bxe3+ 31. Kg2 Bd4 32. Kf3 Be5 33. Ke4 Bg7
34. Nd5 f5+ 0-1

[Event "Scarborough CC Falling Leaves"]
[Site "Toronto CAN"]
[Date "2018.11.01"]
[Round "1.1"]
[White "Issani, Nameer"]
[Black "Gao, Raymond"]
[Result "1-0"]
[WhiteElo "2175"]
[BlackElo "1921"]
[PlyCount "61"]
[EventDate "2018.11.01"]
[EventType "swiss"]
[EventRounds "7"]
[EventCountry "CAN"]

1. d4 Nf6 2. c4 e6 3. Nc3 Bb4 4. e3 b6 5. Nge2 Bb7 6. a3 Be7 7. f3 d5 8. cxd5
exd5 9. Ng3 h5 10. Bd3 h4 11. Nf5 Kf8 12. e4 c5 13. e5 Nh5 14. f4 g6 15. Nxe7
Qxe7 16. O-O cxd4 17. Nb5 Ng7 18. Nd6 Nf5 19. Bxf5 gxf5 20. Nxf5 Qd7 21. Nxd4
Nc6 22. Nb5 Ba6 23. a4 Na5 24. f5 Bxb5 25. e6 Qc6 26. axb5 Qxb5 27. Qd4 Rh7 28.
Qf6 Qc5+ 29. Kh1 Rc8 30. b4 Qxb4 31. Ba3 1-0

[Event "Scarborough CC Falling Leaves"]
[Site "Toronto CAN"]
[Date "2018.11.01"]
[Round "1.3"]
[White "Lin, Benjamin"]
[Black "Henderson, Fred"]
[Result "1-0"]
[WhiteElo "2091"]
[BlackElo "1873"]
[PlyCount "59"]
[EventDate "2018.11.01"]
[EventType "swiss"]
[EventRounds "7"]
[EventCountry "CAN"]

1. d4 Nf6 2. c4 e6 3. Nc3 Bb4 4. e3 O-O 5. Bd3 c5 6. Nge2 cxd4 7. exd4 d5 8. a3
Bxc3+ 9. bxc3 b6 10. cxd5 Nxd5 11. O-O Bb7 12. c4 Nf6 13. Bg5 Nbd7 14. f3 h6
15. Bh4 e5 16. d5 Nc5 17. Bb1 Qd6 18. Qc2 g6 19. f4 e4 20. f5 g5 21. Bg3 Qe7
22. h4 Nfd7 23. f6 Nxf6 24. hxg5 hxg5 25. Rf5 Nh5 26. Qd2 f6 27. Ba2 Nxg3 28.
Nxg3 Bc8 29. d6 Qh7 30. Rxc5 1-0

[Event "Scarborough CC Falling Leaves"]
[Site "Toronto CAN"]
[Date "2018.11.01"]
[Round "1.4"]
[White "Huang, Youhe"]
[Black "Noor Ali, Aahil"]
[Result "1/2-1/2"]
[WhiteElo "1959"]
[BlackElo "2025"]
[PlyCount "106"]
[EventDate "2018.11.01"]
[EventType "swiss"]
[EventRounds "7"]
[EventCountry "CAN"]

1. e4 e5 2. Nf3 Nc6 3. Bc4 Bc5 4. O-O d6 5. d3 h6 6. h3 g5 7. b4 Bxb4 8. c3 Ba5
9. Qb3 Rh7 10. d4 Bb6 11. dxe5 dxe5 12. Rd1 Qf6 13. Bb5 Bxh3 14. Qd5 Bg4 15.
Rd3 Nge7 16. Qxe5 Qxe5 17. Nxe5 Be2 18. Bxc6+ Nxc6 19. Rd5 Rd8 20. Nxc6 Rxd5
21. exd5 bxc6 22. dxc6 g4 23. Bf4 f5 24. Na3 h5 25. Re1 Re7 26. Nc2 Bc4 27.
Rxe7+ Kxe7 28. Ne3 Bxe3 29. Bxe3 Bxa2 30. Bxa7 Kd6 31. Kf1 Kxc6 32. g3 Kd5 33.
Bd4 c5 34. Bf6 Ke4 35. Bg5 Kf3 36. Be3 c4 37. Kg1 Bb1 38. Kf1 Bd3+ 39. Kg1 Be2
40. Kh2 Ke4 41. Kg2 Bf3+ 42. Kf1 Kd3 43. Bd4 Be2+ 44. Kg1 Ke4 45. Be3 Kf3 46.
Kh2 Bd3 47. Kg1 Be4 48. Kf1 f4 49. Bxf4 h4 50. Kg1 h3 51. Be3 Ke2 52. Kh2 Kf1
53. Bd4 Bf3 1/2-1/2

[Event "Scarborough CC Falling Leaves"]
[Site "Toronto CAN"]
[Date "2018.11.01"]
[Round "1.5"]
[White "Laughlin, Steve"]
[Black "Mao, Fengxi"]
[Result "0-1"]
[WhiteElo "1969"]
[BlackElo "1922"]
[PlyCount "94"]
[EventDate "2018.11.01"]
[EventType "swiss"]
[EventRounds "7"]
[EventCountry "CAN"]

1. d4 Nf6 2. c4 e6 3. Nc3 Bb4 4. e3 O-O 5. Bd3 d5 6. Nf3 c5 7. cxd5 exd5 8. O-O
Nc6 9. Ne2 Bg4 10. a3 Bxf3 11. gxf3 c4 12. axb4 cxd3 13. Qxd3 Nxb4 14. Qf5 Qc8
15. Qg5 h6 16. Qg2 Qc2 17. Nc3 Nd3 18. e4 Nxc1 19. Raxc1 Qxb2 20. e5 Nh5 21.
Qg4 Rac8 22. Ne2 Rxc1 23. Nxc1 g6 24. Nd3 Qd2 25. Nc5 b6 26. Nd7 Rd8 27. e6 Qg5
28. exf7+ Kxf7 29. Ne5+ Kf6 30. Qxg5+ hxg5 31. Rc1 Nf4 32. Rc6+ Ne6 33. Ng4+
Ke7 34. Ne5 Nxd4 35. Rxg6 b5 36. Rxg5 Kf6 37. f4 Ne2+ 38. Kf1 Nxf4 39. h4 b4
40. Ng4+ Ke6 41. Re5+ Kd6 42. Re1 a5 43. Ne5 Rb8 44. Nf7+ Kc5 45. Ne5 Rb7 46.
Rc1+ Kd6 47. Nf3 b3 0-1

[Event "Scarborough CC Falling Leaves"]
[Site "Toronto CAN"]
[Date "2018.11.01"]
[Round "1.6"]
[White "Tavana, Joseph"]
[Black "Zhao, Jeffrey R"]
[Result "0-1"]
[WhiteElo "1718"]
[BlackElo "1983"]
[PlyCount "112"]
[EventDate "2018.11.01"]
[EventType "swiss"]
[EventRounds "7"]
[EventCountry "CAN"]

1. c4 Nf6 2. g3 g6 3. Bg2 Bg7 4. Nc3 O-O 5. Nf3 d6 6. d4 Nbd7 7. O-O e5 8. dxe5
dxe5 9. Qc2 c6 10. Rd1 Qe7 11. Rb1 Nc5 12. e4 Nfxe4 13. Nxe4 Nxe4 14. Nd2 Nxd2
15. Bxd2 Bf5 16. Be4 Bxe4 17. Qxe4 f5 18. Qe1 e4 19. b4 Rae8 20. b5 c5 21. h4
Bd4 22. Be3 Qe5 23. Bf4 Qg7 24. Rb3 h6 25. Qd2 Kh7 26. Kg2 Rd8 27. Qe2 Rh8 28.
Rh1 Kg8 29. g4 Kh7 30. gxf5 gxf5+ 31. Rg3 Qf7 32. f3 Rhg8 33. fxe4 Rxg3+ 34.
Kxg3 Qg6+ 35. Kh3 fxe4 36. Re1 Re8 37. Qg4 Qf7 38. Bg3 e3 39. Qe2 Re7 40. Rg1
Qf5+ 41. Qg4 Qxg4+ 42. Kxg4 e2 43. Rb1 Bc3 44. Be1 Bxe1 45. Rxe1 Kg6 46. h5+
Kf6 47. Kf3 Kg5 48. a4 Kxh5 49. a5 Kg5 50. b6 axb6 51. axb6 h5 52. Rg1+ Kf5 53.
Re1 h4 54. Kg2 Kf4 55. Kf2 h3 56. Kg1 Ke3 0-1

[Event "Scarborough CC Falling Leaves"]
[Site "Toronto CAN"]
[Date "2018.11.08"]
[Round "2.1"]
[White "Southam, David"]
[Black "Lin, Benjamin"]
[Result "1/2-1/2"]
[WhiteElo "2130"]
[BlackElo "2091"]
[PlyCount "150"]
[EventDate "2018.11.01"]
[EventType "swiss"]
[EventRounds "7"]
[EventCountry "CAN"]

1. d4 d5 2. c4 c6 3. Nf3 Nf6 4. e3 e6 5. Nc3 Nbd7 6. Bd3 dxc4 7. Bxc4 b5 8. Bd3
Bd6 9. O-O O-O 10. a4 b4 11. Ne4 Nxe4 12. Bxe4 Ba6 13. Re1 Rc8 14. Bd3 Bxd3 15.
Qxd3 c5 16. e4 c4 17. Qe2 e5 18. dxe5 Nxe5 19. Rd1 Nxf3+ 20. Qxf3 Qc7 21. g3
Rfd8 22. Bf4 Bxf4 23. Qxf4 Qxf4 24. gxf4 Kf8 25. Kf1 Rd3 26. Rxd3 cxd3 27. Rd1
Rc2 28. Rxd3 Rxb2 29. Rd7 Ra2 30. Rxa7 b3 31. Rb7 Rxa4 32. Rxb3 Rxe4 33. Rf3 g6
34. Kg2 Kg7 35. Kg3 h5 36. Ra3 Re1 37. h3 Kf6 38. Ra6+ Kf5 39. Ra5+ Ke6 40.
Ra6+ Kf5 41. Ra5+ Kf6 42. Ra6+ Kg7 43. Ra3 Rg1+ 44. Kh2 Rf1 45. Kg2 Rd1 46. Kg3
Kf6 47. Ra6+ Kf5 48. Ra5+ Kf6 49. Ra6+ Kg7 50. Ra3 f5 51. Ra6 Rd3+ 52. f3 Rd4
53. h4 Rd1 54. Rb6 Rh1 55. Ra6 Rg1+ 56. Kf2 Rc1 57. Kg3 Re1 58. Kf2 Re7 59. Kg3
Kf7 60. Rb6 Re6 61. Rb7+ Kf6 62. Rb2 Rc6 63. Re2 Rc1 64. Re8 Rc2 65. Re1 Rc6
66. Kf2 Re6 67. Rxe6+ Kxe6 68. Ke3 Kd5 69. Kd3 Kc5 70. Kc3 Kd5 71. Kd3 Kc5 72.
Kc3 Kd5 73. Kd3 Kc5 74. Kc3 Kd5 75. Kd3 Kc5 1/2-1/2

[Event "Scarborough CC Falling Leaves"]
[Site "Toronto CAN"]
[Date "2018.11.08"]
[Round "2.2"]
[White "Mao, Fengxi"]
[Black "Xu, Jeffrey"]
[Result "0-1"]
[WhiteElo "1922"]
[BlackElo "2269"]
[PlyCount "88"]
[EventDate "2018.11.01"]
[EventType "swiss"]
[EventRounds "7"]
[EventCountry "CAN"]

1. e4 e6 2. d4 d5 3. Nd2 Nf6 4. e5 Nfd7 5. Bd3 c5 6. c3 Nc6 7. Ne2 cxd4 8. cxd4
f6 9. exf6 Nxf6 10. O-O Bd6 11. Nf3 Qc7 12. Nc3 a6 13. Bg5 O-O 14. Bh4 g6 15.
Bg3 Bxg3 16. hxg3 Qg7 17. Re1 Ng4 18. Bf1 Qh6 19. Qc1 Nxd4 20. Qxh6 Nxf3+ 21.
gxf3 Nxh6 22. f4 Kf7 23. Bh3 Kf6 24. Na4 a5 25. Rac1 Ra6 26. Rc7 Nf7 27. Nc5
Rc6 28. Rxc6 bxc6 29. Re3 e5 30. Bd7 d4 31. Rd3 Ke7 32. Bxc8 Rxc8 33. Kf1 Kd6
34. Nb7+ Kd5 35. fxe5 Nxe5 36. Ra3 Nc4 37. Ra4 Rb8 38. Nxa5 Nxa5 39. Rxa5+ c5
40. b3 Re8 41. b4 d3 42. Rxc5+ Kd4 43. Rc7 d2 44. Rd7+ Kc3 0-1

[Event "Scarborough CC Falling Leaves"]
[Site "Toronto CAN"]
[Date "2018.11.08"]
[Round "2.3"]
[White "Lei, Sean"]
[Black "Huang, Youhe"]
[Result "1-0"]
[WhiteElo "2161"]
[BlackElo "1959"]
[PlyCount "91"]
[EventDate "2018.11.01"]
[EventType "swiss"]
[EventRounds "7"]
[EventCountry "CAN"]

1. e4 c5 2. Nf3 d6 3. c3 Nf6 4. Be2 Nc6 5. d4 cxd4 6. cxd4 d5 7. e5 Ne4 8. O-O
h6 9. Nc3 Nxc3 10. bxc3 Bg4 11. Rb1 Qc7 12. Qb3 O-O-O 13. Be3 Bxf3 14. Bxf3 e6
15. c4 Kb8 16. cxd5 exd5 17. Rfc1 Qd7 18. Qxd5 Qxd5 19. Bxd5 Rxd5 20. Rxc6 Ra5
21. e6 g5 22. exf7 Rxa2 23. Re6 Rc2 24. d5 Ba3 25. Bd4 Rf8 26. Re8+ Rc8 27.
Be5+ Ka8 28. Rxc8+ Rxc8 29. Bg7 b5 30. Kf1 a6 31. Ra1 Bb4 32. Rxa6+ Kb7 33. Rf6
Bf8 34. Bxf8 Rxf8 35. Ke2 Kc7 36. Kd3 Kd7 37. Kc3 Ke7 38. Rf5 Kd6 39. Kb4 Kc7
40. Kxb5 Rb8+ 41. Kc5 Rf8 42. g4 Kd7 43. d6 Ke6 44. Kc6 Rc8+ 45. Kb7 Rf8 46.
Kc7 1-0

[Event "Scarborough CC Falling Leaves"]
[Site "Toronto CAN"]
[Date "2018.11.08"]
[Round "2.4"]
[White "Gao, Raymond"]
[Black "Ajith, Aayush"]
[Result "1-0"]
[WhiteElo "1921"]
[BlackElo "1899"]
[PlyCount "37"]
[EventDate "2018.11.01"]
[EventType "swiss"]
[EventRounds "7"]
[EventCountry "CAN"]

1. e4 e5 2. Nf3 Nc6 3. Bc4 Nf6 4. d3 Bc5 5. c3 O-O 6. b4 Bb6 7. a4 a6 8. Be3
Bxe3 9. fxe3 d5 10. exd5 Nxd5 11. Qc1 Bg4 12. O-O Nf6 13. e4 Qe7 14. Na3 Rad8
15. Nc2 Nh5 16. g3 Be6 17. Ne3 Qd6 18. Rd1 Bg4 19. Nxg4 1-0

[Event "Scarborough CC Falling Leaves"]
[Site "Toronto CAN"]
[Date "2018.11.08"]
[Round "2.5"]
[White "Henderson, Fred"]
[Black "Laughlin, Steve"]
[Result "0-1"]
[WhiteElo "1873"]
[BlackElo "1969"]
[PlyCount "64"]
[EventDate "2018.11.01"]
[EventType "swiss"]
[EventRounds "7"]
[EventCountry "CAN"]

1. d4 Nf6 2. c4 g6 3. Nc3 Bg7 4. e4 d6 5. Nf3 O-O 6. Be2 e5 7. O-O Nc6 8. d5
Ne7 9. Nd2 Ne8 10. b4 f5 11. c5 Rf7 12. a4 Bf8 13. Ba3 Kh8 14. Rc1 Ng8 15. Nc4
Ngf6 16. cxd6 cxd6 17. f3 Nh5 18. g3 f4 19. g4 Nhg7 20. Qe1 h5 21. h3 Be7 22.
Bd3 Bh4 23. Qe2 hxg4 24. hxg4 Nh5 25. Qg2 Ng3 26. Rf2 Rh7 27. Ne2 Bg5 28. Nxg3
fxg3 29. Qxg3 Bf4 30. Qg2 Bxc1 31. Bxc1 Bd7 32. Bc2 Rc8 0-1

[Event "Scarborough CC Falling Leaves"]
[Site "Toronto CAN"]
[Date "2018.11.15"]
[Round "3.1"]
[White "Xu, Jeffrey"]
[Black "Southam, David"]
[Result "0-1"]
[WhiteElo "2269"]
[BlackElo "2130"]
[PlyCount "160"]
[EventDate "2018.11.01"]
[EventType "swiss"]
[EventRounds "7"]
[EventCountry "CAN"]

1. e4 e6 2. d4 d5 3. e5 c5 4. c3 Nc6 5. Nf3 Bd7 6. a3 c4 7. Nbd2 Na5 8. Be2 Bc6
9. O-O Qd7 10. Qe1 Ne7 11. g3 Nc8 12. Nh4 Be7 13. Ng2 h5 14. Ne3 Nb6 15. f4 g6
16. h3 O-O-O 17. Kg2 Rh7 18. Bd1 Ba4 19. Rb1 Bxd1 20. Qxd1 Rdh8 21. Nf3 Nb3 22.
Bd2 Nxd2 23. Nxd2 Kb8 24. Qc2 Qa4 25. Qc1 Nc8 26. b3 cxb3 27. Rxb3 Nb6 28. Qb2
Rc8 29. Rc1 Qc6 30. Kh2 Qa4 31. c4 Qc6 32. c5 Nd7 33. Rb1 b6 34. a4 Ka8 35.
cxb6 Nxb6 36. a5 Nd7 37. Rc3 Qa6 38. Rxc8+ Qxc8 39. Rc1 Qb7 40. Qc2 Rh8 41. Qa4
Rb8 42. Rb1 Qc8 43. Rxb8+ Nxb8 44. Nd1 Qc1 45. Nf3 Qc6 46. Qb3 Qb7 47. Qa4 Qc6
48. Qa2 Na6 49. g4 hxg4 50. hxg4 Qc1 51. Qd2 Qxd2+ 52. Nxd2 Kb7 53. Kg3 Kc6 54.
f5 gxf5 55. gxf5 Kb5 56. Nf3 exf5 57. Nc3+ Kc4 58. Nd1 Kd3 59. Kf4 Nc7 60. Nb2+
Kc3 61. Nd1+ Kb4 62. Ne3 Kxa5 63. Nxf5 Bb4 64. Nd6 Ka4 65. Ke3 Kb3 66. Nb7 a5
67. Nxa5+ Bxa5 68. Ng5 Ne6 69. Nxf7 Bb6 70. Kd3 Kb4 71. Nd6 Bxd4 72. Nf5 Bxe5
73. Ne7 Kc5 74. Nxd5 Kxd5 75. Ke3 Bf4+ 76. Kd3 Nc5+ 77. Ke2 Ke4 78. Kf2 Nb3 79.
Ke2 Nd4+ 80. Kf2 Bd2 0-1

[Event "Scarborough CC Falling Leaves"]
[Site "Toronto CAN"]
[Date "2018.11.15"]
[Round "3.3"]
[White "Mao, Fengxi"]
[Black "Gao, Raymond"]
[Result "1/2-1/2"]
[WhiteElo "1922"]
[BlackElo "1921"]
[PlyCount "76"]
[EventDate "2018.11.01"]
[EventType "swiss"]
[EventRounds "7"]
[EventCountry "CAN"]

1. e4 c5 2. Nf3 d6 3. d4 Nf6 4. Nc3 cxd4 5. Nxd4 a6 6. Be2 e5 7. Nb3 Be7 8. Be3
Be6 9. O-O Nbd7 10. Qd3 O-O 11. Nd5 Bxd5 12. exd5 b5 13. a4 bxa4 14. Rxa4 Nb6
15. Bxb6 Qxb6 16. Rd1 Rfc8 17. Na5 e4 18. Qd2 Qxb2 19. Nc6 Bf8 20. Rb4 Qa3 21.
Qd4 a5 22. Rc4 Rxc6 23. dxc6 d5 24. Rc3 Qd6 25. Rb1 Ne8 26. Rb7 Rc8 27. Qb6 Qb4
28. Rb3 Qe1+ 29. Bf1 a4 30. Re3 Qc1 31. Rb8 Rxb8 32. Qxb8 a3 33. Qxe8 a2 34. c7
a1=Q 35. Qxf8+ Kxf8 36. c8=Q+ Ke7 37. Qc7+ Ke6 38. Qc6+ Ke5 1/2-1/2

[Event "Scarborough CC Falling Leaves"]
[Site "Toronto CAN"]
[Date "2018.11.15"]
[Round "3.4"]
[White "Laughlin, Steve"]
[Black "Tavana, Joseph"]
[Result "0-1"]
[WhiteElo "1969"]
[BlackElo "1718"]
[PlyCount "66"]
[EventDate "2018.11.01"]
[EventType "swiss"]
[EventRounds "7"]
[EventCountry "CAN"]

1. d4 d5 2. c4 e6 3. e3 f5 4. Bd3 Nf6 5. Nc3 c6 6. Nge2 Bd6 7. Bd2 O-O 8. Qb3
b6 9. O-O-O Bb7 10. f3 Kh8 11. e4 fxe4 12. fxe4 Ng4 13. e5 Be7 14. Rhf1 Nf2 15.
Bc2 Nxd1 16. Rxf8+ Qxf8 17. Nxd1 Qf7 18. Qh3 g5 19. Ne3 Nd7 20. Ng3 Nf8 21. Ng4
dxc4 22. Ne4 Qf1+ 23. Bd1 Nd7 24. Bxg5 Bxg5+ 25. Nxg5 Qf4+ 26. Qe3 Qxe3+ 27.
Nxe3 c5 28. Nxe6 cxd4 29. Nxd4 Nxe5 30. g3 Rd8 31. Ndf5 Be4 32. g4 Nd3+ 33. Kc2
Nf2+ 0-1

[Event "Scarborough CC Falling Leaves"]
[Site "Toronto CAN"]
[Date "2018.11.22"]
[Round "4.1"]
[White "Zhao, Jeffrey R"]
[Black "Xu, Jeffrey"]
[Result "0-1"]
[WhiteElo "1983"]
[BlackElo "2269"]
[PlyCount "68"]
[EventDate "2018.11.01"]
[EventType "swiss"]
[EventRounds "7"]
[EventCountry "CAN"]

1. e4 e6 2. d4 d5 3. Nc3 Bb4 4. e5 c5 5. a3 Bxc3+ 6. bxc3 Ne7 7. Qg4 Qc7 8. Bd3
cxd4 9. Ne2 dxc3 10. Qxg7 Rg8 11. Qxh7 Nbc6 12. Bf4 Bd7 13. Bg3 a6 14. O-O
O-O-O 15. Qh4 Ng6 16. Bxg6 fxg6 17. Qf4 g5 18. Qe3 d4 19. Qe4 Be8 20. Qg4 Bf7
21. Rfd1 Qb6 22. Nc1 Qb2 23. Ra2 Qb1 24. Re1 Kb8 25. Qe2 d3 26. cxd3 Nd4 27.
Qd1 Rc8 28. Qa4 Rgd8 29. f3 Nb5 30. Qb4 Qxb4 31. axb4 Bg6 32. Rd1 Rd4 33. Be1
Rxb4 34. Ne2 Rb2 0-1

[Event "Scarborough CC Falling Leaves"]
[Site "Toronto CAN"]
[Date "2018.11.22"]
[Round "4.2"]
[White "Southam, David"]
[Black "Issani, Nameer"]
[Result "1-0"]
[WhiteElo "2130"]
[BlackElo "2175"]
[PlyCount "137"]
[EventDate "2018.11.01"]
[EventType "swiss"]
[EventRounds "7"]
[EventCountry "CAN"]

1. d4 Nf6 2. c4 e6 3. Nc3 Bb4 4. e3 c5 5. Nge2 cxd4 6. exd4 d5 7. c5 Nc6 8. a3
Ba5 9. b4 Bc7 10. Bf4 a6 11. Bxc7 Qxc7 12. g3 O-O 13. Bg2 Ne7 14. O-O Nf5 15.
Qd3 Rd8 16. f4 Bd7 17. Kh1 Bc6 18. a4 b5 19. axb5 axb5 20. Bf3 Qb7 21. Rfb1 Ne4
22. Kg1 f6 23. Bg4 g6 24. Nc1 Ng7 25. Nb3 f5 26. Be2 Nxc3 27. Qxc3 Ne8 28. Na5
Qd7 29. Ra3 Nc7 30. Rba1 Rdb8 31. R1a2 Ra6 32. Qe3 Rba8 33. Qd3 Kf7 34. Qc3
R8a7 35. Qa1 Ke7 36. Bd3 Ra8 37. Qe1 Kf7 38. Qe5 Ne8 39. Bf1 R8a7 40. Qe2 Nc7
41. Qe3 Ra8 42. Rc3 R8a7 43. Rac2 Ra8 44. Qe5 Re8 45. Qd6 Rb8 46. Re3 Rd8 47.
Rec3 Rb8 48. Ra3 Ke8 49. Qe5 Kf7 50. Qd6 Ke8 51. Re3 Ba8 52. Qe5 Kf7 53. Ra2
Bc6 54. Rea3 Rba8 55. Qe1 R8a7 56. Qa1 Ke7 57. Kf2 Ra8 58. Bd3 R8a7 59. Ke3 e5
60. Nxc6+ Qxc6 61. Rxa6 exf4+ 62. gxf4 Rxa6 63. Rxa6 Nxa6 64. Qa5 Nc7 65. Qb6
Kd7 66. Qb8 h5 67. Kf3 Ne6 68. Qe5 Nc7 69. Kg3 1-0

[Event "Scarborough CC Falling Leaves"]
[Site "Toronto CAN"]
[Date "2018.11.22"]
[Round "4.3"]
[White "Noor Ali, Aahil"]
[Black "Mao, Fengxi"]
[Result "0-1"]
[WhiteElo "2025"]
[BlackElo "1922"]
[PlyCount "100"]
[EventDate "2018.11.01"]
[EventType "swiss"]
[EventRounds "7"]
[EventCountry "CAN"]

1. d4 Nf6 2. c4 e6 3. Nc3 Bb4 4. e3 O-O 5. Nge2 Re8 6. a3 Bf8 7. g3 d5 8. c5 b6
9. b4 a5 10. Bd2 e5 11. cxb6 axb4 12. Nb5 cxb6 13. dxe5 Rxe5 14. axb4 Ba6 15.
Bc3 Nc6 16. Ned4 Nxb4 17. Rb1 Na2 18. Nc6 Nxc3 19. Nxc3 Qc7 20. Bxa6 Qxc6 21.
Qd4 Rxa6 22. Qxe5 d4 23. O-O dxc3 24. Rfc1 Ra3 25. Qb8 Nd7 26. Qf4 b5 27. Rc2
b4 28. Qd4 Qa4 29. Rbc1 Ra1 30. Kg2 Qc6+ 31. f3 Rxc1 32. Rxc1 Nb6 33. h4 Qc5
34. Kf2 Qxd4 35. exd4 Nd5 36. Ke2 b3 37. Kd3 Nb4+ 38. Kxc3 Na2+ 39. Kxb3 Nxc1+
40. Kc4 f6 41. g4 Kf7 42. f4 Ke6 43. f5+ Kd6 44. g5 fxg5 45. hxg5 Be7 46. g6 h5
47. d5 h4 48. Kd4 h3 49. Ke3 h2 50. f6 Bxf6 0-1

[Event "Scarborough CC Falling Leaves"]
[Site "Toronto CAN"]
[Date "2018.11.22"]
[Round "4.4"]
[White "Huang, Youhe"]
[Black "Tavana, Joseph"]
[Result "1-0"]
[WhiteElo "1959"]
[BlackElo "1718"]
[PlyCount "99"]
[EventDate "2018.11.01"]
[EventType "swiss"]
[EventRounds "7"]
[EventCountry "CAN"]

1. e4 c5 2. d4 cxd4 3. c3 d3 4. Bxd3 Nc6 5. Bc2 g6 6. f4 d6 7. Nf3 Bg7 8. O-O
Bg4 9. Qe1 Bxf3 10. Rxf3 Qb6+ 11. Qf2 Nd4 12. cxd4 Bxd4 13. Ba4+ Kf8 14. Be3
Bxe3 15. Rxe3 Nf6 16. Re2 Qb4 17. Nc3 e6 18. Rd1 h5 19. Qd4 Qc5 20. b4 Qxd4+
21. Rxd4 Rc8 22. Nb5 a6 23. Nxd6 Rc1+ 24. Rd1 Rc7 25. Rc2 Rxc2 26. Bxc2 b5 27.
Nb7 Ke7 28. Nc5 Rc8 29. Bb3 a5 30. e5 Ng4 31. a3 axb4 32. axb4 Ne3 33. Rd3 Nf5
34. Rd7+ Ke8 35. Rb7 Nd4 36. Bd1 Ra8 37. Rd7 Nc6 38. Bf3 Ra1+ 39. Rd1 Rxd1+ 40.
Bxd1 Nxb4 41. Be2 Nd5 42. Bxb5+ Ke7 43. g3 h4 44. Nd3 hxg3 45. hxg3 f6 46. Bc4
Nc7 47. Kf2 g5 48. fxg5 fxg5 49. Kf3 Kf7 50. Kg4 1-0

[Event "Scarborough CC Falling Leaves"]
[Site "Toronto CAN"]
[Date "2018.11.22"]
[Round "4.5"]
[White "Gao, Raymond"]
[Black "Laughlin, Steve"]
[Result "1-0"]
[WhiteElo "1921"]
[BlackElo "1959"]
[PlyCount "79"]
[EventDate "2018.11.01"]
[EventType "swiss"]
[EventRounds "7"]
[EventCountry "CAN"]

1. e4 c5 2. Nf3 Nc6 3. Bb5 e5 4. d3 Nge7 5. Nc3 d6 6. h3 a6 7. Bc4 b5 8. Bb3
Nd4 9. Nxd4 cxd4 10. Ne2 Ng6 11. f4 Be6 12. O-O Bxb3 13. axb3 Be7 14. f5 Nf8
15. Ng3 Nd7 16. Nh5 Rg8 17. g4 Bg5 18. Kh2 g6 19. Ng3 Bxc1 20. Rxc1 Qg5 21. Ra1
h5 22. fxg6 fxg6 23. gxh5 gxh5 24. Qxh5+ Qxh5 25. Nxh5 Ke7 26. b4 Rg5 27. Ng3
Nf6 28. Nf5+ Ke6 29. Rg1 Rxg1 30. Rxg1 d5 31. Ng3 a5 32. Ra1 Rc8 33. bxa5 Rxc2+
34. Kg1 dxe4 35. a6 exd3 36. Kf1 d2 37. Ne2 d3 38. a7 dxe2+ 39. Kxe2 Rc1 40.
Ra6+ 1-0

[Event "Scarborough CC Falling Leaves"]
[Site "Toronto CAN"]
[Date "2018.11.29"]
[Round "5.1"]
[White "Xu, Jeffrey"]
[Black "Lin, Benjamin"]
[Result "1/2-1/2"]
[WhiteElo "2269"]
[BlackElo "2091"]
[PlyCount "37"]
[EventDate "2018.11.01"]
[EventType "swiss"]
[EventRounds "7"]
[EventCountry "CAN"]

1. e4 c5 2. Nf3 e6 3. c3 Nf6 4. e5 Nd5 5. d4 cxd4 6. cxd4 Bb4+ 7. Bd2 Bxd2+ 8.
Qxd2 Nc6 9. h4 a6 10. h5 h6 11. Rh3 d6 12. Rg3 dxe5 13. Nxe5 Nxe5 14. dxe5 Qh4
15. Nc3 Nxc3 16. bxc3 Qxh5 17. Qd6 Bd7 18. Rxg7 O-O-O 19. g4 1/2-1/2

[Event "Scarborough CC Falling Leaves"]
[Site "Toronto CAN"]
[Date "2018.11.29"]
[Round "5.2"]
[White "Mao, Fengxi"]
[Black "Southam, David"]
[Result "1/2-1/2"]
[WhiteElo "1922"]
[BlackElo "2130"]
[PlyCount "33"]
[EventDate "2018.11.01"]
[EventType "swiss"]
[EventRounds "7"]
[EventCountry "CAN"]

1. e4 e6 2. d4 d5 3. Nd2 c5 4. exd5 Qxd5 5. Ngf3 cxd4 6. Bc4 Qd6 7. O-O Nf6 8.
Nb3 Nc6 9. Nbxd4 Nxd4 10. Qxd4 Bd7 11. Bf4 Qxd4 12. Nxd4 Rc8 13. Be2 Bc5 14.
Nb3 Be7 15. c3 O-O 16. Rfd1 b6 17. Bd6 1/2-1/2

[Event "Scarborough CC Falling Leaves"]
[Site "Toronto CAN"]
[Date "2018.11.29"]
[Round "5.3"]
[White "Gao, Raymond"]
[Black "Huang, Youhe"]
[Result "1/2-1/2"]
[WhiteElo "1921"]
[BlackElo "1959"]
[PlyCount "76"]
[EventDate "2018.11.01"]
[EventType "swiss"]
[EventRounds "7"]
[EventCountry "CAN"]

1. e4 c5 2. Nf3 d6 3. d4 cxd4 4. Qxd4 Nc6 5. Bb5 Bd7 6. Bxc6 Bxc6 7. Nc3 Qd7 8.
O-O e5 9. Qd3 Be7 10. Nd2 Nf6 11. Nc4 O-O 12. f3 Rfd8 13. Bg5 Nh5 14. Bxe7 Qxe7
15. Ne3 Nf4 16. Qd2 d5 17. exd5 Bxd5 18. Ncxd5 Nxd5 19. Nxd5 Qc5+ 20. Qf2 Qxf2+
21. Kxf2 Rxd5 22. Rfd1 Rad8 23. Ke2 Rxd1 24. Rxd1 Rxd1 25. Kxd1 Kf8 26. Ke2 Ke7
27. Kd3 f5 28. c4 Kd6 29. b4 b6 30. Kc3 h5 31. Kd3 g5 32. g3 g4 33. fxg4 e4+
34. Ke3 hxg4 35. Kd4 Kc6 36. Ke3 Kd6 37. Kd4 Kc6 38. Ke3 Kd6 1/2-1/2

[Event "Scarborough CC Falling Leaves"]
[Site "Toronto CAN"]
[Date "2018.11.29"]
[Round "5.4"]
[White "Issani, Nameer"]
[Black "De Costa, Alex"]
[Result "1-0"]
[WhiteElo "2175"]
[BlackElo "1775"]
[PlyCount "49"]
[EventDate "2018.11.01"]
[EventType "swiss"]
[EventRounds "7"]
[EventCountry "CAN"]

1. d4 Nf6 2. c4 g6 3. Nc3 Bg7 4. e4 d6 5. Nf3 O-O 6. Be2 e5 7. dxe5 dxe5 8.
Qxd8 Rxd8 9. Bg5 Re8 10. O-O-O c6 11. Nxe5 Nxe4 12. Nxe4 Bxe5 13. f4 Bg7 14.
Bf3 Na6 15. Nd6 Re3 16. f5 Re5 17. g4 gxf5 18. gxf5 Bxf5 19. Bf4 Rc5 20. a3 Ra5
21. Nxb7 Ra4 22. Nd6 Bg6 23. Bxc6 Rb8 24. Bxa4 Rxb2 25. Nf5 1-0

[Event "Scarborough CC Falling Leaves"]
[Site "Toronto CAN"]
[Date "2018.11.29"]
[Round "5.5"]
[White "Laughlin, Steve"]
[Black "Zhao, Jeffrey R"]
[Result "1-0"]
[WhiteElo "1969"]
[BlackElo "1983"]
[PlyCount "65"]
[EventDate "2018.11.01"]
[EventType "swiss"]
[EventRounds "7"]
[EventCountry "CAN"]

1. d4 Nf6 2. c4 g6 3. Nc3 Bg7 4. e4 d6 5. Nf3 O-O 6. Be2 e5 7. O-O Nc6 8. d5
Ne7 9. Ne1 Nd7 10. Be3 f5 11. f3 f4 12. Bf2 g5 13. g4 fxg3 14. hxg3 Rf6 15. Nd3
Rg6 16. Kg2 Nf6 17. Rh1 Bd7 18. c5 h5 19. Qb3 Qb8 20. cxd6 cxd6 21. Nxe5 dxe5
22. d6+ Kf8 23. dxe7+ Kxe7 24. Bc5+ Ke8 25. Bb5 Qc7 26. Qe6+ Kd8 27. Bxd7 Qxc5
28. Rhd1 Ng4 29. Bc6+ Kc7 30. Qd7+ Kb6 31. Qxb7+ Ka5 32. b4+ Qxb4 33. Rd5+ 1-0